[Event "Coventry e2e4 U1950 op"]
[Site "Coventry"]
[Date "2013.08.26"]
[Round "6"]
[White "Probert, Malcolm"]
[Black "Van der Westhuizen, Charles"]
[Result "0-1"]
[WhiteElo "1660"]
[BlackElo "1928"]
[PlyCount "30"]
[EventDate "2013.08.23"]
[EventType "swiss"]
[EventRounds "7"]
[EventCountry "ENG"]
[SourceTitle "EXT 2015"]
[Source "ChessBase"]
[SourceDate "2014.11.20"]
[SourceVersion "1"]
[SourceVersionDate "2014.11.20"]
[SourceQuality "1"]

1. Nf3 Nf6 2. d4 g6 3. g3 Bg7 4. Bg2 0-0 5. 0-0 d5 6. c4 c6 7. Nc3 dxc4 8. a4 Nbd7 9. Nd2 e5 10. dxe5 Nxe5 11. f4 Qd4+ 12. Kh1 Neg4 13. Nde4 Nxe4 14. Qxd4 Nxg3+ 15. hxg3 Bxd4 0-1

[Event "BCF-chT3 1011 (4NCL)"]
[Site "England"]
[Date "2011.02.19"]
[Round "5.44"]
[White "Van der Westhuizen, Charles"]
[Black "Vikanis, Eglis"]
[Result "1/2-1/2"]
[WhiteElo "1891"]
[BlackElo "1882"]
[PlyCount "153"]
[EventDate "2010.11.06"]
[EventType "team-swiss"]
[EventRounds "9"]
[EventCountry "ENG"]
[SourceTitle "EXT 2012"]
[Source "ChessBase"]
[SourceDate "2011.11.24"]
[SourceVersion "1"]
[SourceVersionDate "2011.11.24"]
[SourceQuality "1"]
[WhiteTeam "e2e4.org.uk III"]
[BlackTeam "Banbury Bulldogs"]
[WhiteTeamCountry "ENG"]
[BlackTeamCountry "ENG"]

1. d4 d5 2. c4 e6 3. Nc3 Nf6 4. cxd5 exd5 5. Bf4 Bb4 6. a3 Bxc3+ 7. bxc3 0-0 8. e3 Bf5 9. Nf3 Nbd7 10. Be2 c6 11. 0-0 Ne4 12. c4 Nc3 13. Qd2 Nxe2+ 14. Qxe2 dxc4 15. Qxc4 Nb6 16. Qc5 Qd5 17. Rfc1 Be4 18. Qxd5 Nxd5 19. Bg3 Bxf3 20. gxf3 Rac8 21. Rab1 b5 22. Bd6 Rfe8 23. Bc5 a6 24. Rc2 f6 25. Rbc1 Kf7 26. Bd6 Ke6 27. Rxc6 Rxc6 28. Rxc6 Kd7 29. Rxa6 Re6 30. Ra5 Rxd6 31. Rxb5 Nc7 32. Rb3 Ra6 33. Kg2 Ra7 34. f4 Kc6 35. Rc3+ Kd6 36. Kf3 Nb5 37. Rc5 Nxa3 38. e4 Nb1 39. e5+ fxe5 40. fxe5+ Kd7 41. d5 Nd2+ 42. Ke3 Nb3 43. Rb5 Na5 44. Kd4 Nb7 45. Rb4 Nd8 46. e6+ Ke7 47. Ke5 Ra5 48. Ke4 Ra2 49. Rc4 Rxf2 50. Rc7+ Kf6 51. Rd7 Nxe6 52. dxe6 Re2+ 53. Kf3 Rxe6 54. Rb7 h6 55. Ra7 g6 56. Ra8 Kg5 57. Ra4 h5 58. h4+ Kh6 59. Kg3 Re1 60. Rb4 Rg1+ 61. Kh3 Re1 62. Kg3 Kg7 63. Rb6 Kf7 64. Ra6 Re6 65. Ra5 Kf6 66. Kf4 Rb6 67. Kg3 Rb3+ 68. Kg2 Re3 69. Rb5 Re5 70. Rb3 Re4 71. Kg3 Rg4+ 72. Kh3 Kf5 73. Rb5+ Ke6 74. Ra5 Re4 75. Rb5 Re5 76. Rb3 Re4 77. Rb5 1/2-1/2

[Event "BCF-chT3 1011 (4NCL)"]
[Site "England"]
[Date "2010.11.07"]
[Round "2.44"]
[White "Khoroshilov, Pavel"]
[Black "Van der Westhuizen, Charles"]
[Result "0-1"]
[WhiteElo "1706"]
[BlackElo "1891"]
[PlyCount "56"]
[EventDate "2010.11.06"]
[EventType "team-swiss"]
[EventRounds "9"]
[EventCountry "ENG"]
[SourceTitle "CBM 139 Extra"]
[Source "ChessBase"]
[SourceDate "2011.01.05"]
[SourceVersion "1"]
[SourceVersionDate "2011.01.05"]
[SourceQuality "1"]
[WhiteTeam "British Universities CA"]
[BlackTeam "e2e4.org.uk III"]
[WhiteTeamCountry "ENG"]
[BlackTeamCountry "ENG"]

1. e4 e5 2. Nf3 Nc6 3. Bc4 Nf6 4. Nc3 Be7 5. d3 0-0 6. Be3 d6 7. Qe2 Na5 8. Nd2 c6 9. 0-0-0 d5 10. exd5 cxd5 11. Bg5 dxc4 12. dxc4 Nc6 13. Nf3 Qa5 14. Bxf6 Bxf6 15. Rd5 Qc7 16. Rhd1 Be6 17. Rc5 Qe7 18. Rb5 a6 19. Rb6 Qc7 20. Rb3 Na5 21. Rb4 Bxc4 22. Qe3 b5 23. Nd5 Bxd5 24. Rxd5 Nc4 25. Qe4 Rad8 26. Rxd8 Rxd8 27. b3 Qd6 28. c3 Qd1# 0-1

[Event "BCF-chT3 0910 (4NCL)"]
[Site "England"]
[Date "2010.02.20"]
[Round "6.3"]
[White "Murphy, Conor"]
[Black "Van der Westhuizen, Charles"]
[Result "0-1"]
[WhiteElo "1794"]
[BlackElo "1858"]
[PlyCount "96"]
[EventDate "2009.10.24"]
[EventType "team-tourn"]
[EventRounds "11"]
[EventCountry "ENG"]
[SourceTitle "EXT 2011"]
[Source "ChessBase"]
[SourceDate "2010.11.26"]
[SourceVersion "1"]
[SourceVersionDate "2010.11.26"]
[SourceQuality "1"]
[WhiteTeam "KJCA Knights"]
[BlackTeam "e2e4.org.uk III"]
[WhiteTeamCountry "ENG"]
[BlackTeamCountry "ENG"]

1. e4 e5 2. Nf3 Nc6 3. Bc4 Nf6 4. d3 Be7 5. c3 0-0 6. 0-0 d5 7. exd5 Nxd5 8. h3 Nb6 9. Bb5 Bf6 10. Nbd2 Qd5 11. Bxc6 Qxc6 12. Qe2 Bf5 13. Ne4 Bxe4 14. dxe4 Rad8 15. Bg5 Rd7 16. Bxf6 Qxf6 17. Qb5 c6 18. Qa5 Nc4 19. Qxa7 Qe7 20. Rad1 Rfd8 21. Rxd7 Rxd7 22. b3 Nd2 23. Qe3 Nxf1 24. Kxf1 f6 25. Kg1 Qd6 26. Kh2 Qd3 27. Qe1 Qd1 28. Qe3 Qd3 29. Qe1 g6 30. a3 Qd1 31. Qe3 Qxb3 32. Qc5 Qe6 33. Qa5 Qd6 34. Qa4 Qd3 35. Qb4 Kg7 36. a4 Qd6 37. Qa5 c5 38. Nh4 Qd3 39. Qxc5 Qxe4 40. g3 Qxa4 41. Qe3 Qd1 42. Qe4 Qd2 43. Kg1 Qxc3 44. Qg4 Qd3 45. Kg2 f5 46. Qg5 Qe4+ 47. Kh2 b5 48. Kg1 Rd1+ 0-1

[Event "BCF-chT3 0910 (4NCL)"]
[Site "England"]
[Date "2009.10.24"]
[Round "1.4"]
[White "Van der Westhuizen, Charles"]
[Black "Malhotra, Tarun"]
[Result "1/2-1/2"]
[WhiteElo "1824"]
[BlackElo "1730"]
[PlyCount "41"]
[EventDate "2009.10.24"]
[EventType "team-tourn"]
[EventRounds "11"]
[EventCountry "ENG"]
[SourceTitle "EXT 2011"]
[Source "ChessBase"]
[SourceDate "2010.11.26"]
[SourceVersion "1"]
[SourceVersionDate "2010.11.26"]
[SourceQuality "1"]
[WhiteTeam "e2e4.org.uk II"]
[BlackTeam "AMCA Hippos"]
[WhiteTeamCountry "ENG"]
[BlackTeamCountry "ENG"]

1. d4 Nf6 2. c4 g6 3. Nc3 Bg7 4. e4 d6 5. Be2 Nc6 6. Nf3 e5 7. dxe5 dxe5 8. Qxd8+ Nxd8 9. h3 0-0 10. Be3 b6 11. 0-0-0 Nc6 12. Bd3 Bb7 13. Bb1 Rfe8 14. Nd5 Rac8 15. a3 Na5 16. Nxf6+ Bxf6 17. Nd2 c5 18. Bc2 Red8 19. f3 Nc6 20. Nb1 Nd4 21. Nc3 1/2-1/2

[Event "BCF-chT3 0809 (4NCL)"]
[Site "Hinckley Island"]
[Date "2008.10.18"]
[Round "1.4"]
[White "Van der Westhuizen, Charles"]
[Black "Littlejohns, David"]
[Result "1/2-1/2"]
[WhiteElo "1795"]
[BlackElo "2066"]
[PlyCount "92"]
[EventDate "2008.10.18"]
[EventType "team-swiss"]
[EventRounds "11"]
[EventCountry "ENG"]
[SourceTitle "EXT 2010"]
[Source "ChessBase"]
[SourceDate "2010.11.25"]
[SourceVersion "1"]
[SourceVersionDate "2010.11.25"]
[SourceQuality "1"]
[WhiteTeam "Leicester III"]
[BlackTeam "Bristol II"]
[WhiteTeamCountry "ENG"]
[BlackTeamCountry "ENG"]

1. d4 c6 2. Nf3 d5 3. c4 Nf6 4. Nc3 dxc4 5. a4 Bf5 6. e3 Bd3 7. Bxd3 cxd3 8. Qxd3 e6 9. e4 Be7 10. h4 Nbd7 11. e5 Nd5 12. Nxd5 cxd5 13. Ng5 Bb4+ 14. Bd2 Bxd2+ 15. Qxd2 h6 16. Nf3 Rc8 17. 0-0 0-0 18. Rac1 Qb6 19. Rxc8 Rxc8 20. Rc1 Rc6 21. Rxc6 Qxc6 22. b3 Nb8 23. g3 Qb6 24. Qc3 Nc6 25. Kf1 a5 26. Ke2 Nb4 27. Nd2 Qa6+ 28. Ke3 Kh7 29. f4 g6 30. g4 Kg7 31. h5 gxh5 32. gxh5 Kh7 33. Kf2 Nd3+ 34. Ke3 Ne1 35. Kf2 Nd3+ 36. Ke3 Nb4 37. Kf2 Qb6 38. Ke3 Qd8 39. Nf3 Kg7 40. Qc5 b6 41. Qc1 Qh8 42. f5 exf5 43. Qc7 f4+ 44. Kxf4 Qh7 45. Qxb6 Qe4+ 46. Kg3 Nc2 1/2-1/2